| 000 | 00806cab a22001935a 4500 | ||
|---|---|---|---|
| 001 | L151518 | ||
| 008 | 101115e20101112xxk f 000 0 eng d | ||
| 035 | _a(Sirsi) u151518 | ||
| 041 | 0 | _aeng | |
| 100 | 1 | _aGardiner, Joey | |
| 245 | 0 | 2 |
_aI made him an offer he couldn't refuse _bcontractors are making their subbies an offer they can't refuse |
| 260 | _c2010 | ||
| 490 |
_aBuilding _v275 (8654) 12 November 2010, 20-22(3) |
||
| 520 | _aSubcontractors are being asked to reduce costs and even make upfront payments or risk being removed from main contractors' supplier lists; industry views from the main contractor, the specialist contractor, the lawyer and the quantity surveyor. | ||
| 590 | _aKA | ||
| 651 | 4 |
_aUnited Kingdom _y |
|
| 690 | _aBUILT ENVIRONMENT-BUILDING CONTRACT FORMS | ||
| 942 | _n0 | ||
| 999 |
_c82815 _d82815 |
||